The milflores guide to philippine shopping malls/ (Record no. 7939)

MARC details
000 -LEADER
fixed length control field 00578nam a22001817a 4500
003 - CONTROL NUMBER IDENTIFIER
control field OSt
005 - DATE AND TIME OF LATEST TRANSACTION
control field 20260129032203.0
008 - FIXED-LENGTH DATA ELEMENTS--GENERAL INFORMATION
fixed length control field 260129b |||||||| |||| 00| 0 eng d
020 ## - INTERNATIONAL STANDARD BOOK NUMBER
International Standard Book Number 971-828-004-9.
040 ## - CATALOGING SOURCE
Original cataloging agency DWC-Main Lib.
Transcribing agency OC
082 ## - DEWEY DECIMAL CLASSIFICATION NUMBER
Classification number Fil. 381.83 M598 2000
100 ## - MAIN ENTRY--PERSONAL NAME
Personal name Hidalgo, Antonio A.
245 ## - TITLE STATEMENT
Title The milflores guide to philippine shopping malls/
Statement of responsibility, etc. Antonio A. Hidalgo
260 ## - PUBLICATION, DISTRIBUTION, ETC.
Place of publication, distribution, etc. Q.C.:
Name of publisher, distributor, etc. Milflores Publishing Inc.,
Date of publication, distribution, etc. c2000.
300 ## - PHYSICAL DESCRIPTION
Extent 189 p. ;
Dimensions 23 cm.
650 ## - SUBJECT ADDED ENTRY--TOPICAL TERM
Topical term or geographic name entry element 1. Shopping Malls - Philippines - Guidebooks.
942 ## - ADDED ENTRY ELEMENTS (KOHA)
Source of classification or shelving scheme Dewey Decimal Classification
Koha item type Book-Filipiniana
Classification part Fil.
Suppress in OPAC No
952 ## - LOCATION AND ITEM INFORMATION (KOHA)
--
Holdings
Withdrawn status Lost status Source of classification or shelving scheme Damaged status Not for loan Home library Current library Shelving location Date acquired Source of acquisition Cost, normal purchase price Total Checkouts Full call number Barcode Date last seen Copy number Price effective from Koha item type Uniform Resource Identifier
    Dewey Decimal Classification     College Library College Library Filipiniana 02/04/2003 School Fund 0.00   Fil. 381.83 M598 2000 CL37021 01/29/2026 c1 01/29/2026 BK - FIL